000 00673nam a22001937a 4500
003 OSt
005 20240912160934.0
008 240912b ||||| |||| 00| 0 eng d
040 _cAIMIT LIBRARY
100 _aShreekanth
_e2216194
_9179100
245 _aStudy on investors perception towards mutual fund /
_cBy Shreekanth ; Guided by Ravi Kudtarkar
260 _aUdupi ;
_c2024.
650 _aLiterature review objectives
_9179101
650 _aData analysis and interpretation
_9179102
650 _aResearch methodology
_9179103
700 _aKudtarkar, Ravi.
_eGuide
_9179104
856 _3Anandrathi share and stock brokers ltd
_uwww.anandrathi.com
942 _2ddc
_cPRO
999 _c231805
_d231805